• 首页
  • 本馆介绍
  • 公告通知
  • 最新文献
  • 馆藏检索
  • 电子资源
  • 读者荐购
  • 参考咨询
  • CALIS
  • 我的图书馆
  • 登录
  • 详细信息显示
  • 放入我的书架
  • 预约/预借图书
  • 作者相关作品
  • 分类相关作品
  • 丛书相关作品
  • 出版社相关作品

书目信息

  • 表格格式
  • 工作单格式
  • 卡片格式
题名:
新型建筑玻璃
    
 
作者: 杨修春 , 李伟捷 主编
分册:  
出版信息: 北京   中国电力出版社  2009.01
页数: 292页
开本: 26cm
丛书名:
单 册:
中图分类: TQ171.72
科图分类:
主题词: 建筑玻璃--jian zhu bo li
电子资源:
ISBN: 978-7-5083-7595-3
 
 
 
 
 
000 00900nam0 2200253 450
001 012009069656
005 20090430150418.87
010    @a978-7-5083-7595-3@dCNY42.00
100    @a20090430d2009 em y0chi0120 ea
101 0  @achi
102    @aCN@b110000
105    @aak a 000yy
106    @ar
200 1  @a新型建筑玻璃@Axin xing jian zhu bo li@f杨修春, 李伟捷主编@Fyang xiu chun,li wei jie zhu bian
210    @a北京@c中国电力出版社@d2009.01
215    @a292页@c图@d26cm
320    @a有书目 (第291-292页)
330    @a本书从玻璃的组成、结构和性能开始,介绍了钢化玻璃、镀膜玻璃、低辐射玻璃、夹层玻璃、中空玻璃、防火玻璃、自清洁玻璃、微晶玻璃、泡沫玻璃等多种新型技术玻璃。
606 0  @a建筑玻璃@Ajian zhu bo li
690    @aTQ171.72@v4
701  0 @a杨修春@Ayang xiu chun@4主编
701  0 @a李伟捷@Ali wei jie@4主编
801  0 @aCN@bQSSK@c20090430
905    @b740786-88@dTQ171.72@eY300@f3
    
    新型建筑玻璃/杨修春, 李伟捷主编.-北京:中国电力出版社,2009.01
    292页:图;26cm
    
    
    ISBN 978-7-5083-7595-3:CNY42.00
    本书从玻璃的组成、结构和性能开始,介绍了钢化玻璃、镀膜玻璃、低辐射玻璃、夹层玻璃、中空玻璃、防火玻璃、自清洁玻璃、微晶玻璃、泡沫玻璃等多种新型技术玻璃。
●
相关链接 在E读中查询图书 在当当中查询图书 在豆瓣中查询图书


正题名:新型建筑玻璃     索取号:TQ171.72/Y300         预约/预借

序号 登录号 条形码 馆藏地/架位号 状态 备注
1 740786   207407867   自科库501/501自科库 139排7列4层/ [索取号:TQ171.72/Y300] 在馆    
2 740787   207407876   自科库501/501自科库 139排7列4层/ [索取号:TQ171.72/Y300] 在馆    
3 740788   207407885   期刊室512/501自科库 139排7列4层/ [索取号:TQ171.72/Y300] 在馆    
河南城建学院图书馆 欢迎您!
大连网信软件有限公司© 版权所有